| 000 | 01680nam0a22003251 4500 | ||
|---|---|---|---|
| 001 | v19\rc\1572384 | ||
| 005 | 20250618205302.0 | ||
| 035 | _a(NLR Aleph) 004701317 | ||
| 090 |
_a4071602 _c4071602 |
||
| 100 | _a20061002d1892 |||y0rusy50 ca | ||
| 101 | 1 |
_arus _clat |
|
| 102 | _aRU | ||
| 105 | _ay z ||||| | ||
| 200 | 1 |
_aЭтика, изложенная геометрическим методом и разделенная на пять частей, в коих рассуждается _f[Соч.] Бенедикта Спинозы... _gПер. с латин. под ред. [и с предисл.] проф. В.И. Модестова _hI _iО боге _hII _iО природе и начале души _hIII _iО начале и природе аффектов _hIV _iО рабстве человеческом или о силе аффектов _hV _iО власти разума или о человеческой свободе |
|
| 205 | _a2-е изд. | ||
| 210 |
_aСанкт-Петербург _cЛ.Ф. Пантелеев _d1892 |
||
| 215 |
_a[6], II, 339 с. _d22 |
||
| 532 | 1 | 3 | _aЭтика, изложенная геометрическим методом и разделенная на пять частей, в коих рассуждается |
| 700 | 1 |
_aСпиноза _bБ. _f1632-1677 _gБенедикт |
|
| 702 | 1 |
_aМодестов _bВ.И. _f1839-1907 _gВасилий Иванович _4340 _4080 |
|
| 801 | 0 |
_aRU _bNLR _gpsbo |
|
| 801 | 0 |
_aRU _bRuMoRGB _2psbo |
|
| 801 | 1 |
_aRU _bProSoft-M _2rusmarc |
|
| 852 |
_aNLR _j18.176.2.30 |
||
| 899 |
_aRuMoRGB _jA 309/113 |
||
| 899 | _aБАН | ||
| 899 | _aНБ СПбГУ | ||
| 942 | _cBOOK | ||
| 980 | _aNB | ||